O blog da Marina (Record no. 57171)

MARC details
000 -LÍDER
campo de controle de tamanho fixo 00331 a2200157 4500
001 - NÚMERO DE CONTROLE
campo de controle 57171
020 ## - ISBN - INTERNATIONAL STANDARD BOOK NUMBER
ISBN - International Standard Book Number 8502043366
040 ## - FONTE DA CATALOGAÇÃO
Instituição que transcreveu o registro Anchieta - Pituba
100 ## - ENTRADA PRINCIPAL--NOME PESSOAL
Nome pessoal Vieira, Janaina
240 10 - TÍTULO UNIFORME
Título uniforme O blog da Marina
Idioma da obra por
245 10 - TÍTULO
Título O blog da Marina
300 ## - DESCRIÇÃO FÍSICA
Extensão 67
362 0# - DATAS DE PUBLICAÇÃO E/OU DESIGNAÇÃO SEQUENCIAL
Datas de publicação e/ou designação sequencial 2005
650 #4 - ASSUNTO--TERMO TÓPICO
Cabeçalho tópico ou nome geográfico Literatura juvenil
942 ## - ELEMENTOS DE ENTRADA ADICIONADOS (KOHA)
Tipo de material Koha Livros
Holdings
Situação do descarte Situação das perdas Situação física Não pode ser emprestado Biblioteca de origem Biblioteca atual Data de aquisição Total de empréstimos Número de chamada completo Código de barras Data de último acesso Data do preço efetivo Tipo de material Koha Fonte da classificação ou esquema de arquivamento na estante Nota pública Número do exemplar
        Colégio Anchieta - Pituba Colégio Anchieta - Pituba 21/11/2023   LJ 028.5 B827b BRA BLO 7055/PIT 21/11/2023 21/11/2023 Livros      
        Novo Tempo - Aureliano São José Novo Tempo - Aureliano São José 23/05/2024     nt873 23/05/2024 23/05/2024 Livros Classificação Decimal de Dewey estante roxa  
        Portinari - Salvador Portinari - Salvador 16/08/2024   028.5 B827b 6831/CCP 16/08/2024 16/08/2024 Livros     Ex. 1